000 00482nam a2200169Ia 4500
999 _c2417
_d2417
003 OSt
005 20200814121340.0
008 190216s9999||||xx |||||||||||||| ||und||
040 _coclc
082 _a547.7046
_bKAL/C
100 _aKalsi, P S
_94097
245 0 _aChemistry Of Natural Products /
_cP S Kalsi
260 _bKalyani Publisher,
_c1983.
_aNew Delhi:
300 _a756p
650 _aChemistry
942 _cBK
_2ddc
_h547.7046
_iKAL/C
_k547.7046
_mKAL/C